| 000 | 00408nam a2200133 4500 | ||
|---|---|---|---|
| 008 | 779.092 G633 | ||
| 020 | _a9789584815736 | ||
| 082 |
_a779.092 _bG633 |
||
| 100 |
_aGomez, Sergio _96383 |
||
| 245 | _a1820 Geografías | ||
| 260 |
_aColombia _bMuseo Casa de la Memoria _c2017 |
||
| 300 |
_a64 p. _bill (col) _c25.5 x 19 cm |
||
| 650 |
_xarte contemporáneo _xarte - fotografía _xforografías _xarte - exhibiciones _96384 |
||
| 999 |
_c1489 _d1489 |
||